<?xml version="1.0" encoding="UTF-8"?>
<record
    xmlns:xsi="http://www.w3.org/2001/XMLSchema-instance"
    xsi:schemaLocation="http://www.loc.gov/MARC21/slim http://www.loc.gov/standards/marcxml/schema/MARC21slim.xsd"
    xmlns="http://www.loc.gov/MARC21/slim">

  <leader>00943nam a22002537a 4500</leader>
  <controlfield tag="005">20170123162301.0</controlfield>
  <datafield tag="010" ind1=" " ind2=" ">
    <subfield code="a">B-077914</subfield>
  </datafield>
  <datafield tag="020" ind1=" " ind2=" ">
    <subfield code="c">60.00</subfield>
  </datafield>
  <datafield tag="035" ind1=" " ind2=" ">
    <subfield code="a">B-077914</subfield>
  </datafield>
  <datafield tag="037" ind1=" " ind2=" ">
    <subfield code="b">Cen Lib/Ret</subfield>
  </datafield>
  <datafield tag="040" ind1=" " ind2=" ">
    <subfield code="a">DPL</subfield>
    <subfield code="b">UR</subfield>
  </datafield>
  <datafield tag="082" ind1=" " ind2=" ">
    <subfield code="a">921</subfield>
    <subfield code="b">&#x628; &#x6C1; &#x627;</subfield>
  </datafield>
  <datafield tag="100" ind1=" " ind2=" ">
    <subfield code="a">&#x628;&#x6C1;&#x62A;&#x6CC;, &#x627;&#x634;&#x627;&#x6A9; </subfield>
    <subfield code="9">141801</subfield>
  </datafield>
  <datafield tag="245" ind1=" " ind2=" ">
    <subfield code="a"> : &#x645;&#x648;&#x644;&#x627;&#x646;&#x627; &#x627;&#x628;&#x64F;&#x648;&#x627;&#x644;&#x6A9;&#x644;&#x627;&#x645; &#x622;&#x632;&#x627;&#x62F; </subfield>
    <subfield code="c">&#x627;&#x646;&#x648;&#x631; &#x627;&#x644;&#x6CC; &#x62F;&#x6C1;&#x644;&#x648;&#x6CC;  </subfield>
    <subfield code="b"> / &#x627;&#x6CC;&#x6A9; &#x646;&#x627;&#x628;&#x63A;&#x6C1; &#x631;&#x648;&#x632;&#x6AF;&#x627;&#x631; &#x634;&#x62E;&#x635;&#x6CC;&#x62A;</subfield>
  </datafield>
  <datafield tag="246" ind1=" " ind2=" ">
    <subfield code="a">Mualana abul kalam azad  /</subfield>
    <subfield code="b">by Ishaq bhatti </subfield>
  </datafield>
  <datafield tag="260" ind1=" " ind2=" ">
    <subfield code="a">&#x67E;&#x679;&#x646;&#x6C1;  </subfield>
    <subfield code="b">&#x62E;&#x62F;&#x627; &#x628;&#x6BE;&#x6A9;&#x634; &#x648;&#x631;&#x626;&#x6CC;&#x6D2;&#x646;&#x679;&#x644; &#x67E;&#x628;&#x644;&#x6A9; &#x644;&#x627;&#x626;&#x628;&#x631;&#x6CC;&#x631;&#x6CC; </subfield>
    <subfield code="c">2001</subfield>
  </datafield>
  <datafield tag="270" ind1=" " ind2=" ">
    <subfield code="a">&#x62E;&#x62F;&#x627; &#x628;&#x6BE;&#x6A9;&#x634; &#x648;&#x631;&#x626;&#x6CC;&#x6D2;&#x646;&#x679;&#x644; &#x67E;&#x628;&#x644;&#x6A9; &#x644;&#x627;&#x626;&#x628;&#x631;&#x6CC;&#x631;&#x6CC; </subfield>
    <subfield code="b">&#x67E;&#x679;&#x646;&#x6C1;  </subfield>
    <subfield code="e">4</subfield>
  </datafield>
  <datafield tag="300" ind1=" " ind2=" ">
    <subfield code="a">60p.</subfield>
    <subfield code="c">20cm(pbk)</subfield>
  </datafield>
  <datafield tag="650" ind1=" " ind2=" ">
    <subfield code="a"> &#x633;&#x648;&#x627;&#x646;&#x62D; </subfield>
    <subfield code="9">141802</subfield>
  </datafield>
  <datafield tag="650" ind1=" " ind2=" ">
    <subfield code="a">&#x633;&#x6CC;&#x627;&#x633;&#x6CC; &#x631;&#x6C1;&#x646;&#x645;&#x627;</subfield>
    <subfield code="z">&#x6C1;&#x646;&#x62F;&#x648;&#x633;&#x62A;&#x627;&#x646; </subfield>
    <subfield code="9">452</subfield>
  </datafield>
  <datafield tag="650" ind1=" " ind2=" ">
    <subfield code="v"> </subfield>
    <subfield code="a">Biography </subfield>
    <subfield code="9">7490</subfield>
  </datafield>
  <datafield tag="650" ind1=" " ind2=" ">
    <subfield code="a">Political leader </subfield>
    <subfield code="z">India </subfield>
    <subfield code="9">454</subfield>
  </datafield>
  <datafield tag="942" ind1=" " ind2=" ">
    <subfield code="2">ddc</subfield>
    <subfield code="c">UR</subfield>
    <subfield code="h">921</subfield>
    <subfield code="m">&#x628; &#x6C1; &#x627;</subfield>
  </datafield>
  <datafield tag="999" ind1=" " ind2=" ">
    <subfield code="c">106001</subfield>
    <subfield code="d">106001</subfield>
  </datafield>
  <datafield tag="952" ind1=" " ind2=" ">
    <subfield code="0">0</subfield>
    <subfield code="1">0</subfield>
    <subfield code="4">0</subfield>
    <subfield code="7">1</subfield>
    <subfield code="8">REF</subfield>
    <subfield code="a">L</subfield>
    <subfield code="b">L</subfield>
    <subfield code="d">2015-05-26</subfield>
    <subfield code="e">Cen Lib/Ret</subfield>
    <subfield code="g">60.00</subfield>
    <subfield code="l">0</subfield>
    <subfield code="o">921 &#x628; &#x6C1; &#x627;</subfield>
    <subfield code="p">B-077914</subfield>
    <subfield code="r">2015-05-26 00:00:00</subfield>
    <subfield code="t">1</subfield>
    <subfield code="v">60.00</subfield>
    <subfield code="w">2016-09-15</subfield>
    <subfield code="y">UR</subfield>
  </datafield>
</record>
